| 000 | 00862nam a2200289Ia 4500 | ||
|---|---|---|---|
| 003 | OSt | ||
| 005 | 20221006151405.0 | ||
| 006 | a|||||r|||| 00| 0 | ||
| 007 | ta | ||
| 008 | 221006b |||||||| |||| 00| 0 eng d | ||
| 020 |
_a9780700610952 _c2868.00 |
||
| 024 | _a21,935 | ||
| 037 | _cTextual | ||
| 040 |
_aEASL _cEASL _beng |
||
| 041 |
_2eng _aeng |
||
| 082 | _aV41:19495,(zM).N53, P1 | ||
| 100 |
_aLi Xiaobing etc. Ed. _9659074 |
||
| 245 | 0 | _aMao's generals remember Korea | |
| 260 |
_aLawrence _bUniversity Press of Kanas _c2001 |
||
| 300 |
_a326p. _ccm. |
||
| 490 |
_v KEL _aModern War Studies |
||
| 650 | _a KEL | ||
| 650 |
_a Korea war - China - Participation - Chinese _9659075 |
||
| 650 |
_aKorean war - China _9659076 |
||
| 942 |
_hV41:19495,(zM).N53, P1 _cTEXL _2CC |
||
| 999 |
_c1090021 _d1090021 |
||